|
|
|
|
| LEADER |
00000nam2a2200000 4500 |
| 001 |
295527 |
| 005 |
20231102000822.0 |
| 020 |
|
|
|a RU
|b 84-29503
|
| 035 |
|
|
|a (RuTPU)RU\TPU\book\320615
|
| 035 |
|
|
|a RU\TPU\book\320615
|
| 090 |
|
|
|a 295527
|
| 100 |
|
|
|a 20150523d1984 km y0rusy5003 ca
|
| 101 |
0 |
|
|a rus
|
| 102 |
|
|
|a KG
|
| 105 |
|
|
|a y z 001zy
|
| 200 |
0 |
|
|a Ч. 1 : Магматические формации
|f Т. А. Додонова, К. Д. Помазков, Я. К. Помазков
|
| 210 |
|
|
|d 1984
|
| 215 |
|
|
|a 213 с.
|
| 320 |
|
|
|a Библиогр.: с. 206-210
|
| 461 |
|
1 |
|0 (RuTPU)RU\TPU\book\320649
|t Эндогенные геологические формации Киргизии
|g Академия наук Киргизской ССР (АН КиргССР), Институт геологии
|v Ч. 1 : Магматические формации
|d 1984
|
| 606 |
1 |
|
|a Геологические формации
|2 stltpush
|3 (RuTPU)RU\TPU\subj\6079
|9 34039
|
| 606 |
1 |
|
|a Геологические формации, магматические
|2 stltpush
|3 (RuTPU)RU\TPU\subj\6087
|9 34047
|
| 610 |
1 |
|
|a Тянь-Шань
|
| 610 |
1 |
|
|a структура
|
| 610 |
1 |
|
|a геотектоническое развитие
|
| 610 |
1 |
|
|a эффузивные формации
|
| 610 |
1 |
|
|a интрузивно-эффузивные формации
|
| 610 |
1 |
|
|a интрузивные формации
|
| 610 |
1 |
|
|a магма
|
| 610 |
1 |
|
|a эволюция
|
| 610 |
1 |
|
|a геологическая история
|
| 675 |
|
|
|a 551.263
|v 3
|
| 675 |
|
|
|a 552.3
|v 3
|
| 700 |
|
1 |
|a Додонова
|b Т. А.
|g Таисия Александровна
|
| 701 |
|
1 |
|a Помазков
|b К. Д.
|g Константин Дмитриевич
|
| 701 |
|
1 |
|a Помазков
|b Я. К.
|g Ярослав Константинович
|
| 801 |
|
0 |
|a RU
|b RuMRKP
|c 19950704
|g psbo
|
| 801 |
|
1 |
|a RU
|b 63413507
|c 20150523
|
| 801 |
|
2 |
|a RU
|b 63413507
|c 20181116
|g RCR
|
| 942 |
|
|
|c BK
|